[Event "26. Off. Wuerttembergische Seniorenmst."]
[Site "Freudenstadt"]
[Date "2014.07.21"]
[Round "6.35"]
[White "Braun, Gerhard"]
[Black "Mueller, Herbert"]
[Result "0-1"]
[WhiteElo "1483"]
[BlackElo "1583"]
[PlyCount "120"]
[EventDate "2014.??.??"]
[WhiteTeam "SV Nagold"]
[BlackTeam "SK Horb"]

1. Nf3 Nc6 2. d4 d5 3. c3 e6 4. g3 Nf6 5. Bg2 Bd6 6. a3 O-O 7. O-O a6 8. b4 Bd7
9. Bb2 b5 10. Qd3 a5 11. Nbd2 Ne7 12. e4 dxe4 13. Nxe4 Nxe4 14. Qxe4 Bc6 15.
Qd3 Bd5 16. Ng5 g6 17. Qxb5 c6 18. Qe2 Bxg2 19. Kxg2 Nd5 20. Qg4 Be7 21. Nf3
Nf6 22. Qf4 Nd5 23. Qd2 Bf6 24. Qe2 Bg7 25. Ne5 Qc7 26. f4 Qb7 27. Kg1 Rfe8 28.
Qf3 Rec8 29. Rab1 Qc7 30. Rfc1 Qd6 31. Nc4 Qd8 32. Nxa5 Rxa5 33. bxa5 Qxa5 34.
Qf2 Nb6 35. Qc2 Nc4 36. Ra1 Rb8 37. Ra2 Qd5 38. Qe2 c5 39. Qg2 Qxg2+ 40. Kxg2
Rxb2+ 41. Rxb2 Nxb2 42. Rb1 Na4 43. Rb8+ Bf8 44. dxc5 Nxc5 45. Kf3 Kg7 46. Rxf8
Kxf8 47. Ke3 Ke7 48. Kd4 Kd6 49. Kc4 Kc6 50. Kd4 f6 51. h4 h5 52. Kc4 Ne4 53.
a4 Nxg3 54. a5 Nf5 55. Kb4 Nxh4 56. c4 Nf5 57. a6 Kb6 58. a7 Kxa7 59. Kb5 Kb7
60. c5 h4 0-1

[Event "26. Off. Wuerttembergische Seniorenmst."]
[Site "Freudenstadt"]
[Date "2014.07.21"]
[Round "6.36"]
[White "Flockerzi, Armin"]
[Black "Scholtyssek, Werner"]
[Result "1/2-1/2"]
[WhiteElo "1567"]
[BlackElo "1526"]
[PlyCount "53"]
[EventDate "2014.??.??"]
[WhiteTeam "VfR-SC Koblenz"]
[BlackTeam "SK Blankenloch 1947 e.V."]

1. d4 d5 2. g3 Nf6 3. Bg2 Bf5 4. Nd2 e6 5. a3 c6 6. Ngf3 Nbd7 7. O-O Bd6 8. Re1
Qc7 9. Nf1 b6 10. Nh4 Be4 11. f4 Bxg2 12. Nxg2 Ne4 13. Qd3 Ndf6 14. b4 Ng4 15.
Be3 O-O 16. c4 Rac8 17. Rac1 Qd7 18. Nd2 f5 19. Nh4 Qf7 20. Kg2 Qh5 21. Rh1 Rf7
22. cxd5 exd5 23. Nhf3 g5 24. Ne5 Rg7 25. Nxe4 fxe4 26. Qd2 Nxe3+ 27. Qxe3
1/2-1/2

[Event "26. Off. Wuerttembergische Seniorenmst."]
[Site "Freudenstadt"]
[Date "2014.07.21"]
[Round "6.37"]
[White "Buss, Richard"]
[Black "Straesser, Gerda"]
[Result "1-0"]
[WhiteElo "1390"]
[BlackElo "1467"]
[PlyCount "58"]
[EventDate "2014.??.??"]
[WhiteTeam "VfR Heisfelde e.V."]
[BlackTeam "SV Rottweil"]

1. e4 e6 2. d4 d5 3. e5 c5 4. c3 Nc6 5. Nf3 Bd7 6. Bd3 Qb6 7. dxc5 Bxc5 8. O-O
Be7 9. b3 Qc7 10. Qe2 f6 11. Re1 O-O-O 12. Bf4 f5 13. g3 h6 14. h4 Rf8 15. Nbd2
g6 16. a4 Rf7 17. Kg2 Rg7 18. Qe4 Qd8 19. Rh1 b6 20. b4 Rgh7 21. Raf1 g5 22.
hxg5 hxg5 23. Nxg5 Rxh1 24. Rxh1 Rxh1 25. Kxh1 Qe8 26. Be2 Qg6 27. Qg2 Bxg5 28.
Bxg5 Nxe5 29. Ba6+ Kb8 1-0

[Event "26. Off. Wuerttembergische Seniorenmst."]
[Site "Freudenstadt"]
[Date "2014.07.21"]
[Round "6.38"]
[White "Sukatsch, Manfred"]
[Black "Rauer, Wilhelm"]
[Result "1-0"]
[WhiteElo "1765"]
[BlackElo "1287"]
[PlyCount "69"]
[EventDate "2014.??.??"]
[WhiteTeam "SC Böblingen 1975 e.V."]
[BlackTeam "SC 1875 Ellwangen"]

1. c4 e6 2. e4 d6 3. Nc3 a6 4. Nf3 Be7 5. d4 Nd7 6. Bd3 Ngf6 7. O-O O-O 8. Re1
Re8 9. Bd2 c6 10. e5 Ng4 11. Qc2 Nf8 12. h3 Nh6 13. Ne4 f5 14. exf6 Bxf6 15. g4
Nf7 16. Ng3 Ng5 17. Nxg5 Bxg5 18. f4 Bh4 19. Kg2 Qf6 20. Be3 Bxg3 21. Kxg3 e5
22. fxe5 dxe5 23. Rf1 Qd6 24. c5 Qc7 25. Kg2 Be6 26. dxe5 Qxe5 27. Bf4 Bd5+ 28.
Kh2 Qd4 29. Rad1 Qf6 30. Bd6 Qh4 31. Bg3 Qh6 32. a3 Ne6 33. Bc4 Rad8 34. Bxd5
cxd5 35. Bd6 1-0

[Event "26. Off. Wuerttembergische Seniorenmst."]
[Site "Freudenstadt"]
[Date "2014.07.21"]
[Round "6.39"]
[White "Bauer, Robert"]
[Black "Kunze, Manfred"]
[Result "0-1"]
[WhiteElo "1210"]
[BlackElo "1450"]
[PlyCount "47"]
[EventDate "2014.??.??"]
[WhiteTeam "SABT Post Südstadt Karlsruhe"]
[BlackTeam "SV Motor Hainichen 1949"]

1. d4 d5 2. Nf3 f5 3. e3 Nf6 4. c4 e6 5. Nc3 c6 6. a3 Bd6 7. b4 O-O 8. Bd3 Bd7
9. O-O Ne4 10. Bb2 Kh8 11. cxd5 exd5 12. Ne2 Qc7 13. g3 Nf6 14. Ne5 Ne4 15. f3
Ng5 16. Kg2 Nf7 17. Nxd7 Qxd7 18. Qc2 Nh6 19. h3 Re8 20. Rac1 g6 21. Qd2 Kg7
22. Rce1 Qf7 23. Nc3 Re7 24. Re2 0-1

[Event "26. Off. Wuerttembergische Seniorenmst."]
[Site "Freudenstadt"]
[Date "2014.07.22"]
[Round "7.1"]
[White "Haselhorst, Helmut"]
[Black "Weisenburger, Horst"]
[Result "1/2-1/2"]
[WhiteElo "2023"]
[BlackElo "2028"]
[PlyCount "42"]
[EventDate "2014.??.??"]
[WhiteTeam "SC Steinfurt 1996 e.V."]
[BlackTeam "SC Böblingen 1975 e.V."]

1. Nf3 f5 2. g3 g6 3. Bg2 Bg7 4. d4 Nf6 5. O-O O-O 6. c4 d6 7. Nc3 c6 8. Qb3
Qe8 9. c5+ d5 10. Bf4 Nbd7 11. Qc2 h6 12. b4 Ne4 13. Rab1 g5 14. Be3 e5 15.
Nxe4 fxe4 16. Nxe5 Nxe5 17. dxe5 Bxe5 18. Qd2 Bf5 19. Rbe1 Qe6 20. f4 exf3 21.
exf3 Qf6 1/2-1/2

[Event "26. Off. Wuerttembergische Seniorenmst."]
[Site "Freudenstadt"]
[Date "2014.07.22"]
[Round "7.2"]
[White "Gollasch, Theo-Heinz"]
[Black "Hoeschele, Hans-Ulrich"]
[Result "1-0"]
[WhiteElo "1996"]
[BlackElo "1948"]
[PlyCount "117"]
[EventDate "2014.??.??"]
[WhiteTeam "Hamburger SK von 1830 eV"]
[BlackTeam "Stuttgarter SF 1879"]

1. Nf3 d5 2. g3 Nf6 3. Bg2 c5 4. O-O Nc6 5. d4 e6 6. c4 cxd4 7. Nxd4 Qb6 8. Nb5
a6 9. cxd5 axb5 10. dxc6 bxc6 11. Be3 Qb7 12. Qc2 Bd7 13. Rc1 Ra6 14. Nd2 Bd6
15. Bc5 Bxc5 16. Qxc5 Qb6 17. Nb3 Qxc5 18. Rxc5 Ke7 19. a3 Rb8 20. Nd4 Kd6 21.
Rac1 Rbb6 22. e4 Ke7 23. Nc2 Ra8 24. Nb4 Rc8 25. e5 Nd5 26. Bxd5 exd5 27. Nxd5+
cxd5 28. Rxc8 Bxc8 29. Rxc8 h5 30. f4 g6 31. Kf2 b4 32. a4 b3 33. Rc5 Ke6 34.
Rb5 Rc6 35. Rxb3 Rc2+ 36. Ke3 Rxh2 37. a5 h4 38. Rb6+ Kf5 39. gxh4 Rh3+ 40. Kd4
Kxf4 41. Rf6+ Kg4 42. Rxf7 Rxh4 43. e6 Kg5+ 44. Kxd5 Ra4 45. Ra7 Kf6 46. e7 Kf7
47. Kc5 g5 48. b4 Ra2 49. Kb6 Rb2 50. b5 g4 51. e8=Q+ Kxe8 52. Rg7 Rb4 53. a6
Kf8 54. Rc7 g3 55. a7 Ra4 56. Rc8+ Kf7 57. a8=Q Rxa8 58. Rxa8 g2 59. Ra1 1-0

[Event "26. Off. Wuerttembergische Seniorenmst."]
[Site "Freudenstadt"]
[Date "2014.07.22"]
[Round "7.3"]
[White "Weenink, Henk"]
[Black "Wolf, Walter"]
[Result "0-1"]
[WhiteElo "2185"]
[BlackElo "2121"]
[PlyCount "54"]
[EventDate "2014.??.??"]
[BlackTeam "Stuttgarter SF 1879"]

1. e4 e5 2. Nf3 Nc6 3. Bc4 Nf6 4. d3 Be7 5. c3 O-O 6. Nbd2 d5 7. Bb3 Kh8 8. Qe2
a5 9. Ba4 Bd6 10. Nf1 Ne7 11. Bg5 dxe4 12. dxe4 Nd7 13. Be3 Ng6 14. Ng5 h6 15.
Qh5 Qe8 16. O-O-O f6 17. Ne6 Qxe6 18. Qxg6 Qxa2 19. Bxh6 Rf7 20. Be3 Kg8 21.
Bc2 a4 22. Nd2 Nf8 23. Qh5 a3 24. Nf3 Qxb2+ 25. Kd2 a2 26. Ra1 Ra3 27. Rhc1 Be6
0-1

[Event "26. Off. Wuerttembergische Seniorenmst."]
[Site "Freudenstadt"]
[Date "2014.07.22"]
[Round "7.4"]
[White "Szenetra, Werner"]
[Black "Braeunlin, Klaus"]
[Result "1-0"]
[WhiteElo "2094"]
[BlackElo "2063"]
[Annotator "KÃ¶nig,Dirk"]
[PlyCount "73"]
[EventDate "2014.??.??"]
[WhiteTeam "SV Berenbostel"]
[BlackTeam "TG Biberach"]

1. Nf3 Nf6 2. g3 b6 3. Bg2 Bb7 4. d3 d6 5. O-O e5 6. e4 Nbd7 7. Nbd2 Be7 8. Nh4
g6 9. Qe2 Nc5 10. f4 exf4 11. gxf4 Ne6 12. f5 Nd4 13. Qd1 g5 14. Nhf3 Nxf3+ 15.
Nxf3 g4 16. Ne1 c6 17. Bh6 Qc7 18. c3 Rg8 19. Nc2 O-O-O 20. Qe2 Bf8 21. Qe3 Nd7
22. d4 f6 23. a4 Re8 24. Bf4 h5 25. b4 a6 26. c4 c5 27. a5 Qc6 28. axb6 Nxb6
29. bxc5 dxc5 30. d5 (30. dxc5 Bxc5 31. Nd4 Qd7 32. Qb3 Na8 33. Rxa6) 30... Qd7
31. Qb3 Na8 32. Rxa6 Kd8 33. Ra7 Rg7 34. Rfa1 Qc8 35. Rxa8 Bxa8 36. Qb6+ Rc7
37. Rxa8 1-0

[Event "26. Off. Wuerttembergische Seniorenmst."]
[Site "Freudenstadt"]
[Date "2014.07.22"]
[Round "7.5"]
[White "Prill, Gerhard"]
[Black "Heinzel, Peter"]
[Result "0-1"]
[WhiteElo "1955"]
[BlackElo "1887"]
[PlyCount "78"]
[EventDate "2014.??.??"]
[WhiteTeam "SC Heitersheim"]
[BlackTeam "SC Mülheim 08/25 e.V."]

1. e4 c6 2. d4 d5 3. Nc3 dxe4 4. Nxe4 Nd7 5. Bc4 Ngf6 6. Ng5 e6 7. Ne2 h6 8.
Nf3 Bd6 9. c3 b6 10. h3 Bb7 11. Nf4 Qc7 12. g3 O-O 13. Be2 Rad8 14. Nd3 Rfe8
15. Kf1 c5 16. Rg1 e5 17. Nh4 exd4 18. cxd4 Be4 19. Bf3 Qc6 20. Be2 Bh7 21. Nf3
c4 22. Nde1 b5 23. Ng2 Rxe2 24. Kxe2 Bd3+ 25. Ke1 Re8+ 26. Ne3 Ne4 27. d5 Qb6
28. Bd2 a5 29. Rg2 Ndf6 30. Qc1 Bc5 31. Kd1 Nxd2 32. Qxd2 Bxe3 33. fxe3 Rxe3
34. Ne1 Ne4 35. Qc1 Bf1 36. Rd2 Nxd2 37. Qxd2 Bxh3 38. Rc1 Bg4+ 39. Kc2 Qf6 0-1

[Event "26. Off. Wuerttembergische Seniorenmst."]
[Site "Freudenstadt"]
[Date "2014.07.22"]
[Round "7.6"]
[White "Hinz, Ekkehard"]
[Black "Trefzer, Erhard"]
[Result "1/2-1/2"]
[WhiteElo "1810"]
[BlackElo "1936"]
[PlyCount "33"]
[EventDate "2014.??.??"]
[WhiteTeam "SK Großsachsen"]
[BlackTeam "SV Besigheim"]

1. Nf3 Nf6 2. c4 c5 3. g3 b6 4. Bg2 Bb7 5. Nc3 g6 6. O-O Bg7 7. d4 cxd4 8. Qxd4
O-O 9. Qd3 Na6 10. Nd2 Nb4 11. Qb1 Bxg2 12. Kxg2 Qc8 13. a3 Nc6 14. Ra2 d6 15.
b3 Nd4 16. Qd3 Qc6+ 17. Kg1 1/2-1/2

[Event "26. Off. Wuerttembergische Seniorenmst."]
[Site "Freudenstadt"]
[Date "2014.07.22"]
[Round "7.7"]
[White "Storkebaum, Karl-Heinrich"]
[Black "Blosze, Winfried"]
[Result "0-1"]
[WhiteElo "1758"]
[BlackElo "1611"]
[PlyCount "83"]
[EventDate "2014.??.??"]
[WhiteTeam "SAbt TEC Darmstadt"]
[BlackTeam "SV Königsspringer 1929 Großauhei"]

1. d4 Nf6 2. c4 g6 3. Nc3 d5 4. Nf3 Bg7 5. Qb3 dxc4 6. Qxc4 O-O 7. e4 c6 8. Be2
b5 9. Qb3 a5 10. a3 Na6 11. e5 Be6 12. Qc2 Nd5 13. Ne4 Qb6 14. Bd3 Rac8 15. Nc5
Nxc5 16. dxc5 Qc7 17. O-O Bg4 18. Be4 Bxf3 19. Bxf3 Qxe5 20. Rb1 Rfe8 21. b4
axb4 22. axb4 Qc3 23. Qxc3 Bxc3 24. Rb3 Bf6 25. Bxd5 cxd5 26. Rd1 e6 27. Ra3
Ra8 28. Rdd3 Be5 29. Kf1 Kf8 30. Ra5 Rxa5 31. bxa5 Ra8 32. Bd2 Bc7 33. Ra3 Ra6
34. Ke2 Ke7 35. g3 Kd7 36. h4 Kc6 37. Bb4 d4 38. Kd3 Kd5 39. f4 f6 40. Ra2 e5
41. c6 e4+ 42. Ke2 0-1

[Event "26. Off. Wuerttembergische Seniorenmst."]
[Site "Freudenstadt"]
[Date "2014.07.22"]
[Round "7.8"]
[White "Streiter, Manfred"]
[Black "Duijker, Bert"]
[Result "1-0"]
[WhiteElo "1747"]
[BlackElo "1893"]
[PlyCount "47"]
[EventDate "2014.??.??"]
[WhiteTeam "SGem Vaihingen-Rohr"]

1. Nf3 g6 2. g3 Bg7 3. Bg2 d6 4. d4 f5 5. c4 Nf6 6. Nc3 O-O 7. O-O c6 8. Qc2
Qe8 9. d5 e5 10. dxe6 Bxe6 11. Bf4 Bxc4 12. Bxd6 Rf7 13. Ne5 Ba6 14. Nxf7 Qxf7
15. Rfe1 Nbd7 16. Rad1 Re8 17. e4 fxe4 18. Nxe4 Qxa2 19. Nxf6+ Nxf6 20. Rxe8+
Nxe8 21. Ba3 Bf6 22. Qc5 Qf7 23. Rd7 Qxd7 24. Qf8# 1-0

[Event "26. Off. Wuerttembergische Seniorenmst."]
[Site "Freudenstadt"]
[Date "2014.07.22"]
[Round "7.9"]
[White "Lang, Ferdinand"]
[Black "Gerhardt, Peter-Michael"]
[Result "1/2-1/2"]
[WhiteElo "2051"]
[BlackElo "1861"]
[PlyCount "52"]
[EventDate "2014.??.??"]
[WhiteTeam "TSV Willsbach"]
[BlackTeam "SC Vahr"]

1. e4 g6 2. d4 Bg7 3. Nf3 d6 4. h3 Nf6 5. Bd3 O-O 6. Be3 Nbd7 7. Qd2 e5 8. c3
b6 9. O-O Bb7 10. Qc2 a5 11. Nbd2 Qe7 12. Rfe1 Rfe8 13. d5 Nc5 14. Bb5 Rf8 15.
b4 axb4 16. cxb4 Ncxe4 17. Nxe4 Nxd5 18. Qb3 Nxe3 19. Rxe3 d5 20. Nc3 Rfd8 21.
Rd1 c6 22. Bf1 Qc7 23. Ree1 e4 24. Nd4 Qe7 25. Nxc6 Bxc6 26. Nxd5 Qb7 1/2-1/2

[Event "26. Off. Wuerttembergische Seniorenmst."]
[Site "Freudenstadt"]
[Date "2014.07.22"]
[Round "7.10"]
[White "Pape, Manfred"]
[Black "Slager, Anton"]
[Result "1-0"]
[WhiteElo "2019"]
[BlackElo "1800"]
[PlyCount "53"]
[EventDate "2014.??.??"]
[WhiteTeam "SK Bad Harzburg"]
[BlackTeam "SK Randbauer Griesheim"]

1. Nf3 d5 2. g3 g6 3. Bg2 Bg7 4. d3 Nf6 5. O-O c5 6. Nbd2 Nc6 7. c3 O-O 8. Re1
Bf5 9. Qc2 e5 10. e4 Be6 11. exd5 Nxd5 12. Nc4 f6 13. a4 Bf7 14. a5 Re8 15. a6
bxa6 16. Qa4 Nde7 17. Be3 Qxd3 18. Nfd2 Bd5 19. Bf1 Qf5 20. Nd6 Qd7 21. Nxe8
Qxe8 22. Bxc5 Qd8 23. Rad1 Qc7 24. Bc4 h5 25. Ne4 Bxc4 26. Qxc4+ Kh7 27. Bxe7
1-0

[Event "26. Off. Wuerttembergische Seniorenmst."]
[Site "Freudenstadt"]
[Date "2014.07.22"]
[Round "7.11"]
[White "Philippin, Otto"]
[Black "Reinhold, Klaus"]
[Result "1/2-1/2"]
[WhiteElo "1718"]
[BlackElo "1938"]
[PlyCount "95"]
[EventDate "2014.??.??"]
[WhiteTeam "SVG Vaihingen/Enz"]
[BlackTeam "SC Gronau 1920 e.V."]

1. d4 d5 2. e3 Nf6 3. Bd3 Bg4 4. Nf3 e6 5. Nbd2 c5 6. c3 Nc6 7. O-O Be7 8. Re1
O-O 9. b3 Rc8 10. Bb2 Qb6 11. Rc1 Rfd8 12. h3 Bh5 13. g4 Bg6 14. Bxg6 hxg6 15.
Qe2 c4 16. b4 a5 17. a3 axb4 18. axb4 Ra8 19. Ra1 Ra6 20. Rxa6 bxa6 21. e4 a5
22. exd5 exd5 23. Ne5 Nxe5 24. dxe5 Ne8 25. Ba3 axb4 26. Bxb4 Bxb4 27. Rb1 Qa7
28. Rxb4 Nc7 29. Nf3 Ne6 30. Qe3 Qxe3 31. fxe3 Nc5 32. Rb1 Ne4 33. Rc1 Ra8 34.
Nd4 Ra3 35. Rb1 Rxc3 36. Rb8+ Kh7 37. e6 fxe6 38. Nxe6 Rb3 39. Rc8 c3 40. g5
Rb1+ 41. Kg2 Rb2+ 42. Kf3 Rf2+ 43. Kg4 c2 44. Nd4 Rg2+ 45. Kf4 Nxg5 46. Ke5 Rg3
47. Nxc2 Rxh3 48. Kxd5 1/2-1/2

[Event "26. Off. Wuerttembergische Seniorenmst."]
[Site "Freudenstadt"]
[Date "2014.07.22"]
[Round "7.12"]
[White "Pfitzer, Norbert"]
[Black "Reimann, Guenther"]
[Result "1-0"]
[WhiteElo "1928"]
[BlackElo "1751"]
[PlyCount "138"]
[EventDate "2014.??.??"]
[WhiteTeam "SV Aalen-Ellwangen e.V."]
[BlackTeam "SC Magstadt"]

1. d4 e6 2. e4 d5 3. e5 c5 4. c3 Nc6 5. Nf3 Bd7 6. Be2 Nge7 7. O-O cxd4 8. cxd4
Qb6 9. Na3 Ng6 10. Nc2 Be7 11. b3 Rc8 12. Bb2 Nf4 13. g3 Nxe2+ 14. Qxe2 O-O 15.
Rfc1 a6 16. Qe3 h6 17. h4 f5 18. exf6 Bxf6 19. Ne5 Nxe5 20. dxe5 Qxe3 21. Nxe3
Be7 22. Bd4 Ba3 23. Rc2 Rxc2 24. Nxc2 Be7 25. Rd1 Rc8 26. Rd2 h5 27. f3 g6 28.
Kg2 Kf7 29. Bb2 Bd8 30. Ba3 Be7 31. Bxe7 Kxe7 32. Nd4 Rc1 33. Kf2 Rc3 34. Ne2
Rc8 35. Ke3 Rf8 36. Nd4 Rc8 37. Kf4 Kf7 38. Kg5 Kg7 39. Rc2 Rxc2 40. Nxc2 a5
41. Nd4 Kf7 42. a3 a4 43. b4 Be8 44. Ne2 Bb5 45. Nc3 Bc6 46. Kf4 Ke7 47. Ke3 b6
48. Kd4 Kd8 49. b5 Bd7 50. Nxa4 Bxb5 51. Nxb6 Kc7 52. Kc5 Be2 53. f4 Bd1 54. a4
d4 55. a5 d3 56. a6 Bf3 57. Nc4 Bd5 58. Nd2 Kb8 59. Kd4 Ka7 60. Kxd3 Kxa6 61.
Nf1 Kb6 62. Kd4 Bc6 63. Ne3 Bd7 64. Nc4+ Kc6 65. Nd6 Kb6 66. Ne4 Be8 67. Kc4
Bf7 68. Nc5 Be8 69. Ne4 Bf7 1-0

[Event "26. Off. Wuerttembergische Seniorenmst."]
[Site "Freudenstadt"]
[Date "2014.07.22"]
[Round "7.13"]
[White "Schwertel, Johann"]
[Black "Pfitzer, Martin"]
[Result "1-0"]
[WhiteElo "1898"]
[BlackElo "1779"]
[PlyCount "33"]
[EventDate "2014.??.??"]
[WhiteTeam "SV Koblenz 03/25"]
[BlackTeam "SV Aalen-Ellwangen e.V."]

1. d4 e5 2. c3 exd4 3. Qxd4 Nc6 4. Qe4+ Be7 5. Nf3 Nf6 6. Qc2 d5 7. Bf4 O-O 8.
e3 Nh5 9. Bg3 f5 10. Bd3 h6 11. O-O f4 12. exf4 Nxf4 13. Bb5 Bg4 14. Nbd2 Nh5
15. Rfe1 Nxg3 16. hxg3 Bc5 17. Rad1 1-0

[Event "26. Off. Wuerttembergische Seniorenmst."]
[Site "Freudenstadt"]
[Date "2014.07.22"]
[Round "7.14"]
[White "Just, Joachim"]
[Black "Kromer, Thomas"]
[Result "1/2-1/2"]
[WhiteElo "1878"]
[BlackElo "1745"]
[PlyCount "28"]
[EventDate "2014.??.??"]
[WhiteTeam "SV Motor Zeitz"]
[BlackTeam "SF Riedlingen"]

1. e4 c5 2. Nc3 Nc6 3. g3 g6 4. Bg2 Bg7 5. Nf3 Nf6 6. O-O d6 7. d3 O-O 8. Qd2
Bg4 9. h3 Bd7 10. b3 a6 11. Bb2 Qa5 12. Na4 Qc7 13. Nc3 Qa5 14. Na4 Qc7 1/2-1/2

[Event "26. Off. Wuerttembergische Seniorenmst."]
[Site "Freudenstadt"]
[Date "2014.07.22"]
[Round "7.16"]
[White "Schmidt, Heinrich"]
[Black "Hoffmann, Peter"]
[Result "1-0"]
[WhiteElo "1854"]
[BlackElo "1521"]
[PlyCount "107"]
[EventDate "2014.??.??"]
[WhiteTeam "SV Nagold"]
[BlackTeam "SC Ostfildern 1952 e.V."]

1. d4 d5 2. c4 c6 3. Nf3 e6 4. Nc3 Nf6 5. cxd5 exd5 6. Qc2 Be7 7. Bg5 Be6 8. e3
Nbd7 9. h3 Qc7 10. Bd3 h6 11. Bf4 Bd6 12. Bxd6 Qxd6 13. O-O a6 14. Rfc1 O-O 15.
Rab1 b5 16. Ne2 Rac8 17. Ng3 Rfe8 18. Qd2 Nb6 19. b3 Nbd7 20. Nf5 Qf8 21. Qa5
g6 22. Ng3 Nb8 23. b4 Qd6 24. Ne5 Nfd7 25. Nxd7 Qxd7 26. Qb6 Qc7 27. Qxc7 Rxc7
28. Rc3 f5 29. Ne2 Nd7 30. Rbc1 Rec8 31. a4 c5 32. axb5 c4 33. bxa6 Ra7 34. b5
Nb6 35. Nf4 Bf7 36. Be2 Be8 37. Rb1 Bf7 38. Bd1 Rcc7 39. Ne2 g5 40. g3 Bh5 41.
Kf1 Bf3 42. Ng1 Be4 43. Ra1 f4 44. exf4 gxf4 45. g4 Re7 46. Bc2 Kg7 47. Nf3
Bxc2 48. Rxc2 Re4 49. Re1 c3 50. Rxc3 Nc4 51. Rxe4 dxe4 52. Rxc4 exf3 53. Rc3
Rd7 54. Rxf3 1-0

[Event "26. Off. Wuerttembergische Seniorenmst."]
[Site "Freudenstadt"]
[Date "2014.07.22"]
[Round "7.17"]
[White "Duerr, Hanno"]
[Black "Schmieder, Siegfried"]
[Result "0-1"]
[WhiteElo "1739"]
[BlackElo "1962"]
[Annotator "KÃ¶nig,Dirk"]
[PlyCount "107"]
[EventDate "2014.??.??"]
[WhiteTeam "SGem Vaihingen-Rohr"]
[BlackTeam "SG SchwÃ¤bisch GmÃ¼nd 1872 e.V"]

1. d4 d5 2. c4 c6 3. Nf3 e6 4. Nc3 Nf6 5. cxd5 exd5 6. Qc2 Be7 7. Bg5 Be6 8. e3
Nbd7 9. h3 Qc7 10. Bd3 h6 11. Bf4 Bd6 12. Bxd6 Qxd6 13. O-O a6 14. Rfc1 O-O 15.
Rab1 b5 16. Ne2 Rac8 17. Ng3 Rfe8 18. Qd2 Nb6 19. b3 Nbd7 20. Nf5 Qf8 21. Qa5
g6 22. Ng3 Nb8 23. b4 Qd6 24. Ne5 Nfd7 25. Nxd7 Qxd7 26. Qb6 Qc7 27. Qxc7 Rxc7
28. Rc3 f5 29. Ne2 Nd7 30. Rbc1 Rec8 31. a4 c5 32. axb5 c4 33. bxa6 Ra7 34. b5
Nb6 35. Nf4 Bf7 (35... Kf7) 36. Be2 Be8 37. Rb1 Bf7 38. Bd1 Rcc7 39. Ne2 g5 40.
g3 Bh5 41. Kf1 Bf3 42. Ng1 Be4 43. Ra1 f4 44. exf4 gxf4 45. g4 Re7 46. Bc2 Kg7
47. Nf3 Bxc2 48. Rxc2 Re4 49. Re1 c3 50. Rxc3 Nc4 51. Rxe4 dxe4 52. Rxc4 exf3
53. Rc3 Rd7 54. Rxf3 0-1

[Event "26. Off. Wuerttembergische Seniorenmst."]
[Site "Freudenstadt"]
[Date "2014.07.22"]
[Round "7.18"]
[White "Stadler, Lothar"]
[Black "Abegg, Beat"]
[Result "1-0"]
[WhiteElo "1699"]
[BlackElo "1910"]
[PlyCount "70"]
[EventDate "2014.??.??"]
[WhiteTeam "SAbt SV Weiss-BL.Allianz"]

1. c4 c6 2. d4 d5 3. e3 Nf6 4. Nf3 Bg4 5. Nbd2 Nbd7 6. cxd5 cxd5 7. Bd3 e6 8.
O-O Bd6 9. b3 O-O 10. Bb2 Bh5 11. h3 Qe7 12. e4 dxe4 13. Nxe4 Nxe4 14. Bxe4 Nf6
15. Bd3 Rfd8 16. Re1 Rac8 17. Qe2 Bb8 18. g3 a6 19. Kg2 Ba7 20. Rad1 Bg6 21.
Bxg6 hxg6 22. h4 Rc7 23. Rd2 Nd5 24. Ne5 Bb6 25. Nc4 Ba7 26. Ba3 Qe8 27. h5 b5
28. Ne5 gxh5 29. Qxh5 Nf6 30. Qh4 Bc5 31. Rh1 Kf8 32. dxc5 Rxd2 33. c6+ Re7 34.
Qf4 Rxa2 35. Rh8+ Ng8 1-0

[Event "26. Off. Wuerttembergische Seniorenmst."]
[Site "Freudenstadt"]
[Date "2014.07.22"]
[Round "7.20"]
[White "Fitzke, Ulrich"]
[Black "Macher, Claus"]
[Result "0-1"]
[WhiteElo "1648"]
[BlackElo "1839"]
[PlyCount "71"]
[EventDate "2014.??.??"]
[WhiteTeam "SV Bau-Union e.V."]
[BlackTeam "SF Ammerbuch"]

1. c4 c6 2. d4 d5 3. e3 Nf6 4. Nf3 Bg4 5. Nbd2 Nbd7 6. cxd5 cxd5 7. Bd3 e6 8.
O-O Bd6 9. b3 O-O 10. Bb2 Bh5 11. h3 Qe7 12. e4 dxe4 13. Nxe4 Nxe4 14. Bxe4 Nf6
15. Bd3 Rfd8 16. Re1 Rac8 17. Qe2 Bb8 18. g3 a6 19. Kg2 Ba7 20. Rad1 Bg6 21.
Bxg6 hxg6 22. h4 Rc7 23. Rd2 Nd5 24. Ne5 Bb6 25. Nc4 Ba7 26. Ba3 Qe8 27. h5 b5
28. Ne5 gxh5 29. Qxh5 Nf6 30. Qh4 Bc5 31. Rh1 Kf8 32. dxc5 Rxd2 33. c6+ Re7 34.
Qf4 Rxa2 35. Rh8+ Ng8 36. Ng6# 0-1

[Event "26. Off. Wuerttembergische Seniorenmst."]
[Site "Freudenstadt"]
[Date "2014.07.22"]
[Round "7.21"]
[White "Schmidt, Eugen"]
[Black "Abel, Hans-Peter"]
[Result "1/2-1/2"]
[WhiteElo "1835"]
[BlackElo "1709"]
[PlyCount "67"]
[EventDate "2014.??.??"]
[WhiteTeam "SF Oos e.V."]
[BlackTeam "SC Leinfelden"]

1. d4 Nf6 2. c4 e6 3. Nf3 d5 4. Nc3 Nbd7 5. Bg5 Be7 6. e3 c6 7. Bd3 Qc7 8. O-O
Nf8 9. Rc1 Ng6 10. Bxf6 Bxf6 11. cxd5 exd5 12. Nxd5 Qd6 13. Nxf6+ gxf6 14. e4
Bg4 15. e5 fxe5 16. Bxg6 Qxg6 17. Nxe5 Bxd1 18. Nxg6 hxg6 19. Rfxd1 Rh5 20. Rc5
f5 21. h3 O-O-O 22. Re5 Rh4 23. Re6 g5 24. Rg6 Rh5 25. f3 Kc7 26. Kf2 f4 27.
Re6 Rd5 28. Ke2 Rh7 29. Re4 Rhd7 30. h4 gxh4 31. Rxf4 Rg7 32. Rg4 Re7+ 33. Kd3
Kd6 34. Rg6+ 1/2-1/2

[Event "26. Off. Wuerttembergische Seniorenmst."]
[Site "Freudenstadt"]
[Date "2014.07.22"]
[Round "7.22"]
[White "Woelbl, Josef"]
[Black "Fassmann, Kurt"]
[Result "1/2-1/2"]
[WhiteElo "1623"]
[BlackElo "1810"]
[Annotator "KÃ¶nig,Dirk"]
[PlyCount "103"]
[EventDate "2014.??.??"]
[WhiteTeam "SV Rottweil"]
[BlackTeam "TuS Mehlmeisel"]

1. d4 d5 2. c4 e6 3. Nc3 c6 4. e3 Nf6 5. Bd2 Nbd7 6. Nf3 Bd6 7. Bd3 O-O 8. O-O
b6 9. Rc1 Bb7 10. Qe2 c5 11. cxd5 exd5 (11... Nxd5 12. Ba6 Bc6 13. b3 Ne7 14.
Bb5 Bb7) 12. Ba6 Bc6 13. b3 Ne4 14. Bb5 Bb7 15. Ba6 Bc6 16. Bb5 Qc7 17. Bxc6
Qxc6 18. Rfd1 Ndf6 19. dxc5 bxc5 20. Be1 Rfd8 21. Nxe4 Nxe4 22. h3 Bc7 23. Rd3
Rd6 24. Nd4 Qd7 25. Nf3 Rg6 26. Kh1 Rd8 (26... Re8 27. Rcd1 Rd6 28. Ne5) 27.
Rcd1 Rd6 28. Ne5 Qf5 29. Nf3 g5 30. Nh2 Qe6 31. Qg4 f5 32. Qh5 Qe5 33. Nf3 Qg7
34. Nd2 Rh6 35. Qf3 Qe5 36. g3 Rxh3+ 37. Kg2 Rh6 38. Nc4 Qe6 39. Qe2 Qf7 40.
Nd2 Nf6 41. Nf1 g4 42. f3 Qh5 43. Bc3 gxf3+ 44. Qxf3 Ng4 45. Kg1 d4 46. exd4
Bb6 47. dxc5 Bxc5+ 48. Bd4 Ne5 49. Qxh5 Rxh5 50. Bxc5 Rxd3 51. Rxd3 Nxd3 52.
Bxa7 1/2-1/2

[Event "26. Off. Wuerttembergische Seniorenmst."]
[Site "Freudenstadt"]
[Date "2014.07.22"]
[Round "7.23"]
[White "Woisetschlaeger, Adolf"]
[Black "Krieg, Karl"]
[Result "0-1"]
[WhiteElo "1778"]
[BlackElo "1702"]
[PlyCount "93"]
[EventDate "2014.??.??"]
[WhiteTeam "SC Schwarz-WeiÃŸ Zell"]
[BlackTeam "SG SchwÃ¤bisch GmÃ¼nd 1872 e.V"]

1. e4 c5 2. Nf3 d6 3. d4 cxd4 4. Nxd4 Nf6 5. Nc3 g6 6. Be3 Bg7 7. f3 O-O 8. Qd2
Nc6 9. O-O-O d5 10. Nxc6 bxc6 11. Bh6 e6 12. Bxg7 Kxg7 13. g4 a5 14. h4 h5 15.
e5 Nd7 16. gxh5 Nxe5 17. hxg6 Nxf3 18. Qe3 fxg6 19. Be2 Qf6 20. Bxf3 Qxf3 21.
Qe5+ Qf6 22. Qc7+ Rf7 23. Qxc6 Bb7 24. Qa4 Qf4+ 25. Qxf4 Rxf4 26. Ne2 Rf2 27.
Nd4 e5 28. Ne6+ Kf6 29. Nc5 Bc6 30. Rhf1 Rf5 31. Rg1 Rh8 32. Rg4 Rf4 33. Rdg1
Rxg4 34. Rxg4 Rh5 35. Nd3 Kf5 36. Nf2 d4 37. c3 dxc3 38. bxc3 e4 39. Kd2 g5 40.
Rxg5+ Rxg5 41. hxg5 Kxg5 42. Ke3 Kf5 43. c4 Ke5 44. Nd1 Ba4 45. Nc3 Bc6 46. a4
Bb7 47. Nb5 0-1